Zhongguo wen hua shi dao lun /
Saved in:
| Main Author: | |
|---|---|
| Format: | Book |
| Language: | Chinese |
| Published: |
Taibei Shi :
Zheng zhong shu ju,
Min guo 40 [1951]
|
| Subjects: | |
| Tags: |
Add Tag
No Tags, Be the first to tag this record!
|
| LEADER | 00710cam a2200217 a 4500 | ||
|---|---|---|---|
| 001 | 005201434-7 | ||
| 005 | 20024617110316.0 | ||
| 008 | 940830s1951 ch 000 0 chi d | ||
| 035 | 0 | |a ocm31127890 | |
| 040 | |a UPB |c UPB |d MH-HY |d CStRLIN | ||
| 043 | |a a-cc--- | ||
| 100 | 1 | |6 880-01 |a Qian, Mu, |d 1895- | |
| 245 | 1 | 0 | |6 880-02 |a Zhongguo wen hua shi dao lun / |c Qian Mu zhu. |
| 260 | |6 880-03 |a Taibei Shi : |b Zheng zhong shu ju, |c Min guo 40 [1951] | ||
| 300 | |a 6, 1, 181 p. ; |c 22 cm. | ||
| 651 | 0 | |a China |x Civilization |x History. | |
| 880 | 1 | |6 100-01 |a 錢穆, |d 1895- | |
| 880 | 1 | 0 | |6 245-02 |a 中國文化史導論 / |c 錢穆著. |
| 880 | |6 260-03 |a 臺北市 : |b 正中書局, |c 民國40 [1951] | ||
| 988 | |a 20021108 | ||
| 906 | |0 OCLC | ||


